Self-control behind bars: a validation study of the Grasmick et al.Scale

Gespeichert in:  
Bibliographische Detailangaben
VerfasserInnen: DeLisi, Matt (Verfasst von) ; Hochstetler, Andrew (Verfasst von) ; Murphy, Daniel S. (Verfasst von)
Medienart: Druck Aufsatz
Sprache:Englisch
Veröffentlicht: 2003
In: Justice quarterly
Jahr: 2003, Band: 20, Heft: 2, Seiten: 241-263
Verfügbarkeit prüfen: HBZ Gateway
Schlagwörter:

MARC

LEADER 00000caa a22000002c 4500
001 164009654X
003 DE-627
005 20220608131107.0
007 tu
008 160223s2003 xx ||||| 00| ||eng c
035 |a (DE-627)164009654X 
035 |a (DE-576)45605135X 
035 |a (DE-599)BSZ45605135X 
040 |a DE-627  |b ger  |c DE-627  |e rakwb 
041 |a eng 
100 1 |a DeLisi, Matt  |0 (DE-588)1057710989  |0 (DE-627)796179417  |0 (DE-576)184420946  |4 aut 
109 |a DeLisi, Matt  |a Lisi, Matt de  |a DeLisi, Matthew John 
245 1 0 |a Self-control behind bars: a validation study of the Grasmick et al.Scale  |c Matt Delisi, Andy Hochstetler, Daniel S. Murphy 
264 1 |c 2003 
336 |a Text  |b txt  |2 rdacontent 
337 |a ohne Hilfsmittel zu benutzen  |b n  |2 rdamedia 
338 |a Band  |b nc  |2 rdacarrier 
700 1 |a Hochstetler, Andrew  |0 (DE-588)1212471962  |0 (DE-627)1701977427  |4 aut 
700 1 |a Murphy, Daniel S.  |4 aut 
773 0 8 |i In  |t Justice quarterly  |d Abingdon, Oxfordshire : Routledge, 1984  |g 20(2003), 2, Seite 241-263  |w (DE-627)166984612  |w (DE-600)356637-7  |w (DE-576)015443914  |x 0741-8825  |7 nnas 
773 1 8 |g volume:20  |g year:2003  |g number:2  |g pages:241-263 
776 1 |o 10.1080/07418820300095521 
935 |a mkri 
951 |a AR 
ELC |b 1 
LOK |0 000 xxxxxcx a22 zn 4500 
LOK |0 001 3301411487 
LOK |0 003 DE-627 
LOK |0 004 164009654X 
LOK |0 005 20250401123718 
LOK |0 008 160208||||||||||||||||ger||||||| 
LOK |0 040   |a DE-21-110  |c DE-627  |d DE-21-110 
LOK |0 689   |a s  |a Selbstkontrolle 
LOK |0 689   |a s  |a Allgemeine Kriminalitätstheorie 
LOK |0 689   |a s  |a Erfassung 
LOK |0 689   |a s  |a Validität 
LOK |0 852   |a DE-21-110 
LOK |0 852 1  |m p  |9 00 
LOK |0 935   |a k110 
LOK |0 938   |k p 
LOK |0 939   |a 08-02-16  |b l01 
ORI |a SA-MARC-krimdoka001.raw